Central Library OPAC University of Rajshahi

The price of Middle East oil : (Record no. 3098)

MARC details
000 -LEADER
fixed length control field 00769cam a22002531 4500
001 - CONTROL NUMBER
control field 3098
003 - CONTROL NUMBER IDENTIFIER
rucl marc code BD-RjUL
005 - DATE AND TIME OF LATEST TRANSACTION
control field 20211208233656.0
008 - FIXED-LENGTH DATA ELEMENTS--GENERAL INFORMATION
fixed length control field 131218s1962 nyu b 000 0 eng
035 ## - SYSTEM CONTROL NUMBER
System control number (BD-RjUL)3132
System control number (OCoLC)483984
040 ## - CATALOGING SOURCE
Original cataloging agency DLC
Transcribing agency OClU
Modifying agency NcRS
-- OCoLC
-- DLC
-- BD-RjUL
Language of cataloging eng
041 ## - LANGUAGE CODE
Language code of text/sound track or separate title eng
082 00 - DEWEY DECIMAL CLASSIFICATION NUMBER
Classification number 338.27282
Edition number 18
Author mark and year LEP 1962
100 1# - MAIN ENTRY--PERSONAL NAME
Personal name Leeman, Wayne A.
9 (RLIN) 9817
245 14 - TITLE STATEMENT
Title The price of Middle East oil :
Remainder of title an essay in political economy /
Statement of responsibility, etc. Wayne A Leeman.
260 ## - PUBLICATION, DISTRIBUTION, ETC. (IMPRINT)
Place of publication, distribution, etc. Ithaca, N.Y.,
Name of publisher, distributor, etc. Cornell University Press
Date of publication, distribution, etc. c1962.
300 ## - PHYSICAL DESCRIPTION
Pagination 274 p. ;
Size 24 cm.
504 ## - BIBLIOGRAPHY, ETC. NOTE
Bibliography, etc Includes bibliography.
650 #0 - SUBJECT ADDED ENTRY--TOPICAL TERM
Topical term or geographic name as entry element Petroleum industry and trade
Geographic subdivision Middle East.
9 (RLIN) 9818
942 ## - ADDED ENTRY ELEMENTS (KOHA)
Source of classification or shelving scheme Dewey Decimal Classification
Koha item type Books
Holdings
Lost status Source of classification or shelving scheme Damaged status Not for loan Collection code Permanent Location Current Location Shelving location Date acquired Source of acquisition Cost, normal purchase price Total Checkouts Full call number Date last seen Copy number Koha item type
  Dewey Decimal Classification   Not For Loan Non-fiction Central Library, University of Rajshahi Central Library, University of Rajshahi Reading Room 03/07/1963 Zeitlinger 40.00   338.27282 LEP 1962 18/12/2013 C-1 Books